UBT Library

THURSDAYS UNIVERSE (Record no. 27005)

000 -LEADER
fixed length control field 00289nam a22001337a 4500
008 - FIXED-LENGTH DATA ELEMENTS--GENERAL INFORMATION
fixed length control field 170911b xxu||||| |||| 00| 0 eng d
020 ## - INTERNATIONAL STANDARD BOOK NUMBER
International Standard Book Number 079808019958
041 ## - LANGUAGE CODE
Language code of text/sound track or separate title eng
080 ## - UNIVERSAL DECIMAL CLASSIFICATION NUMBER
Universal Decimal Classification number 52
100 ## - Rafti
Rafti 42
101 ## - Shkurtesa
Shkurtesa AST
245 ## - TITLE STATEMENT
Title THURSDAYS UNIVERSE
Statement of responsibility, etc BARTUSIAK.M
942 ## - ADDED ENTRY ELEMENTS (KOHA)
Source of classification or shelving scheme
Item type Books
Holdings
Withdrawn status Lost status Source of classification or shelving scheme Damaged status Not for loan Collection code Permanent location Current location Shelving location Date acquired Total Checkouts Full call number Barcode Date last seen Price effective from Koha item type
          Koleksioni i përgjithshem UBT - Lipjan UBT - Lipjan Koleksioni i përgjithshem 09/11/2017   52 BAR 002-2923515 09/11/2017 09/11/2017 Books
          Koleksioni i përgjithshem UBT - Lipjan UBT - Lipjan   08/31/2023   610.73JOH 002-800070127 08/31/2023 08/31/2023 Books
UBT Library © 2015-2024. All rights reserved University Education for Business and Technology